Normal view
MARC view
- Gopinath, C.Y.
Entry Personal Name
001 - CONTROL NUMBER
- control field: 4489
003 - CONTROL NUMBER IDENTIFIER
- control field: NUST
005 - DATE AND TIME OF LATEST TRANSACTION
- control field: 20170830124448.0
008 - FIXED-LENGTH DATA ELEMENTS
- fixed length control field: 170830|| aca||aabn | a|a d
040 ## - CATALOGING SOURCE
- Original cataloging agency: NUST
- Transcribing agency: NUST
100 ## - HEADING--PERSONAL NAME
- Personal name: Gopinath, C.Y.
670 ## - SOURCE DATA FOUND
- Source citation: Work cat.: (NUST): Gopinath, C.Y., The book of answers:, 2011
